000 00409nam a2200181Ia 4500
005 20240823035218.0
008 240823s9999||||xx |||||||||||||| ||und||
041 _aENGLISH
082 _A823.92 Q2
100 _aMadhuri Banerjee
245 0 _aMistakes like love and sex
250 _a1st
260 _c2012
_bPenguin Cla
500 _aYES
650 _aNovel
_bEnglish
942 _cBK
999 _c200145
_d200145